000 00400nam a2200169Ia 4500
008 230524s9999 xx 000 0 und d
020 _a817029519X
082 _a5.133
_bKAN
100 _aYashavant Kanetkar
245 0 _aUndocumented DOS Through C
250 _a1ST
260 _aNEW DELHI
_bBPB
_c1995
300 _aXIV;304
500 _aQuantity Number: 1
650 _aComp-Sc
942 _cBK
999 _c26161
_d26161